000 01085nam a22003257a 4500
003 DO-SdBPM
005 20260129075233.0
007 ta
008 220316b2019 dr a|||| |||| 00| p spa d
020 _a9789945168358
040 _aDO-SdBPM
_bspa
_cBPMSU
_erda
082 4 _a RD863.5
_bP328f 2019
_222
100 1 _aPaulino, Pedro Jesús de,
_d1963-
_eautor
245 1 3 _aEl frío instante de la muerte :
_bmicrorrelatos /
_cPedro de Jesús Paulino
264 _aSanto Domingo :
_bEditora Búho,
_c2019
300 _a141 páginas :
_bilustraciones ;
_c22 cm.
336 _atexto
_btxt
_2rdacontent
337 _asin mediación
_bn
_2rdamedia
338 _avolumen
_bnc
_2rdacarrier
500 _a
500 _aIncluye notas y referencias bibliográficas al pie da las páginas
500 _aIncluye datos biográficos del autor en las solapas
590 _aInventariado, 2026/VM
650 7 _a Cuentos dominicanos
650 7 _aMicrocuento
650 7 _aLiteratura dominicana
650 7 _aMuerte
_vCuentos
910 _aVMateo V. Control de calidad. BPMSU
942 _2ddc
_cBK
999 _c15639
_d15639